000 00412nam a2200121Ia 4500
008 220615s9999||||xx |||||||||||||| ||und||
245 0 _aEntrepreneurship in Africa (Volume 15)
546 _aEnglish[eng]
650 _aSocial Science||Sociology
700 _aAkinyoade, Akinyinka||Dietz, Ton||Uche, Chibuike
856 _uhttps://library.oapen.org/bitstream/20.500.12657/51075/1/external_content.pdf
942 _cEB
999 _c13896
_d13896